[Event "Montreal Mercredi 11"]
[Site "Montreal CAN"]
[Date "2017.11.15"]
[Round "1"]
[White "Baran, Marius"]
[Black "O'Connor, Michael"]
[Result "1-0"]
[WhiteElo "1903"]
[BlackElo "1822"]
[WhiteFideId "-1"]
[WhiteFideId "-1"]
[PlyCount "111"]
[GameId "2160767908300702"]
[EventDate "2017.11.15"]
[EventType "swiss"]
[EventRounds "5"]
[EventCountry "CAN"]
[SourceTitle "EXT 2022"]
[Source "ChessBase"]
[SourceDate "2021.10.06"]
[SourceVersion "1"]
[SourceVersionDate "2021.10.06"]
[SourceQuality "1"]

1. e4 c5 2. Nf3 Nc6 3. d4 cxd4 4. Nxd4 Nf6 5. Nc3 e5 6. Ndb5 d6 7. Bg5 a6 8. Na3 b5 9. Bxf6 gxf6 10. Nd5 f5 11. Bd3 Be6 12. c3 Bg7 13. O-O O-O 14. Nc2 fxe4 15. Bxe4 Rc8 16. Nde3 Qd7 17. a4 bxa4 18. Bd5 Ne7 19. Qd3 Nxd5 20. Nxd5 Bxd5 21. Qxd5 Rc5 22. Qe4 f5 23. Qxa4 Qxa4 24. Rxa4 Rb8 25. Nb4 Rb6 26. Nxa6 Rd5 27. Nb4 Rd2 28. Rb1 d5 29. Ra5 d4 30. g3 dxc3 31. bxc3 f4 32. Kg2 f3+ 33. Kxf3 Rf6+ 34. Kg4 Rfxf2 35. Nc6 e4 36. Ne5 h5+ 37. Kg5 e3 38. Ra8+ Kh7 39. Rb7 Rd5 40. Re8 e2 41. Ree7 Rxe5+ 42. Rxe5 Kg8 43. Re8+ Bf8 44. h4 Rf3 45. Rxe2 Rxg3+ 46. Kxh5 Rxc3 47. Rg2+ Kh8 48. Rb8 Rc5+ 49. Rg5 Kh7 50. Rxf8 Rc8 51. Rf7+ Kh8 52. Rgf5 Kg8 53. Kg6 Re8 54. h5 Rd8 55. h6 Rd6+ 56. R5f6 1-0

[Event "Montreal Mercredi 11"]
[Site "Montreal CAN"]
[Date "2017.11.15"]
[Round "1"]
[White "Brassard, Sylvain"]
[Black "Jean, Robert"]
[Result "1-0"]
[WhiteElo "1785"]
[BlackElo "1784"]
[WhiteFideId "-1"]
[WhiteFideId "-1"]
[PlyCount "77"]
[GameId "2160767908300703"]
[EventDate "2017.11.15"]
[EventType "swiss"]
[EventRounds "5"]
[EventCountry "CAN"]
[SourceTitle "EXT 2022"]
[Source "ChessBase"]
[SourceDate "2021.10.06"]
[SourceVersion "1"]
[SourceVersionDate "2021.10.06"]
[SourceQuality "1"]

1. d4 Nf6 2. Bg5 d5 3. Bxf6 exf6 4. g3 c6 5. c3 Be7 6. Bg2 O-O 7. e3 Re8 8. Ne2 Bg4 9. O-O Nd7 10. Re1 h6 11. f3 Bf5 12. e4 dxe4 13. fxe4 Bh7 14. Nd2 Bf8 15. b4 a5 16. a3 Ra7 17. Nf4 Nb8 18. Qf3 b5 19. Nd3 Nd7 20. Nb3 a4 21. Nbc5 Nxc5 22. Nxc5 Bxc5 23. bxc5 Rae7 24. Qf4 Re6 25. e5 g5 26. Qf2 fxe5 27. dxe5 Qc7 28. Rad1 Rxe5 29. Rxe5 Rxe5 30. Rd6 Qe7 31. Qd2 Bg6 32. h3 Rxc5 33. Rd8+ Kg7 34. Rc8 Qe5 35. Qd8 Bh7 36. Qf8+ Kg6 37. Re8 Qxc3 38. Be4+ Kh5 39. Qxf7+ 1-0

[Event "Montreal Mercredi 11"]
[Site "Montreal CAN"]
[Date "2017.11.15"]
[Round "1"]
[White "Gates, Claude-Eric"]
[Black "Nardone, Raul"]
[Result "1-0"]
[WhiteElo "1787"]
[BlackElo "1768"]
[WhiteFideId "-1"]
[WhiteFideId "-1"]
[PlyCount "87"]
[GameId "2160767908300704"]
[EventDate "2017.11.15"]
[EventType "swiss"]
[EventRounds "5"]
[EventCountry "CAN"]
[SourceTitle "EXT 2022"]
[Source "ChessBase"]
[SourceDate "2021.10.06"]
[SourceVersion "1"]
[SourceVersionDate "2021.10.06"]
[SourceQuality "1"]

1. c4 e6 2. g3 Nf6 3. Bg2 d5 4. Nf3 Be7 5. O-O O-O 6. d3 c6 7. b3 a5 8. Nc3 b6 9. e3 Ba6 10. Bb2 Ra7 11. Ne2 a4 12. Qc2 a3 13. Bxf6 Bxf6 14. d4 Nd7 15. Rfd1 Qe7 16. Rab1 Rc8 17. Nf4 g6 18. Nd3 c5 19. Nde5 cxd4 20. exd4 Bxe5 21. dxe5 dxc4 22. b4 Bb7 23. Qc3 b5 24. Nd4 Bxg2 25. Nxb5 Raa8 26. Kxg2 Nb6 27. Nd6 Rc7 28. Qf3 Nd5 29. Nb5 Rcc8 30. Nd6 Rc7 31. b5 c3 32. Rdc1 c2 33. Rb3 Qg5 34. Rxa3 Rb8 35. Rxc2 Rxc2 36. Qxf7+ Kh8 37. Ra7 Ne3+ 38. Kf3 Qg4+ 39. Kxe3 Rc3+ 40. Kd2 Qd4+ 41. Ke1 Rc1+ 42. Ke2 Rc2+ 43. Kf1 Rc1+ 44. Kg2 1-0

[Event "Montreal Mercredi 11"]
[Site "Montreal CAN"]
[Date "2017.11.15"]
[Round "1"]
[White "Guipi Bopala, Prince Eric jr"]
[Black "Lamarche, Michel"]
[Result "1-0"]
[WhiteElo "1863"]
[BlackElo "1861"]
[WhiteFideId "-1"]
[WhiteFideId "-1"]
[PlyCount "63"]
[GameId "2160767908300705"]
[EventDate "2017.11.15"]
[EventType "swiss"]
[EventRounds "5"]
[EventCountry "CAN"]
[SourceTitle "EXT 2022"]
[Source "ChessBase"]
[SourceDate "2021.10.06"]
[SourceVersion "1"]
[SourceVersionDate "2021.10.06"]
[SourceQuality "1"]

1. d4 Nf6 2. Bf4 d5 3. e3 c6 4. h3 Bf5 5. c4 Qa5+ 6. Qd2 Qxd2+ 7. Nxd2 e6 8. Ngf3 Be7 9. Be2 Nbd7 10. O-O O-O 11. Nh4 Bg6 12. Nxg6 hxg6 13. a3 a5 14. Bd3 c5 15. cxd5 Nxd5 16. Bh2 cxd4 17. exd4 Bf6 18. Nf3 Rac8 19. Rac1 Rfd8 20. Be4 N7b6 21. Bxd5 Nxd5 22. Be5 Nb6 23. Bc7 Rxc7 24. Rxc7 Rxd4 25. Rxb7 Nc4 26. Rc1 g5 27. b4 Nxa3 28. bxa5 Ra4 29. Ra7 Nc4 30. a6 Nb6 31. Rb1 Nd5 32. Rbb7 1-0

[Event "Montreal Mercredi 11"]
[Site "Montreal CAN"]
[Date "2017.11.15"]
[Round "1"]
[White "Jia, Zhe"]
[Black "Millette, Sylvain"]
[Result "1/2-1/2"]
[WhiteElo "1805"]
[BlackElo "1738"]
[WhiteFideId "-1"]
[WhiteFideId "-1"]
[PlyCount "96"]
[GameId "2160767908300706"]
[EventDate "2017.11.15"]
[EventType "swiss"]
[EventRounds "5"]
[EventCountry "CAN"]
[SourceTitle "EXT 2022"]
[Source "ChessBase"]
[SourceDate "2021.10.06"]
[SourceVersion "1"]
[SourceVersionDate "2021.10.06"]
[SourceQuality "1"]

1. Nf3 Nf6 2. c4 g6 3. Nc3 d5 4. cxd5 Nxd5 5. e4 Nxc3 6. bxc3 c5 7. d4 Bg7 8. Be3 Qa5 9. Qd2 Nc6 10. h3 O-O 11. Be2 cxd4 12. cxd4 Qxd2+ 13. Kxd2 b6 14. Rac1 Bb7 15. Rhd1 Rfd8 16. Ke1 Rac8 17. e5 Nb4 18. Bc4 Bd5 19. a3 Bxc4 20. axb4 Bb3 21. Rxc8 Rxc8 22. Rc1 Rxc1+ 23. Bxc1 e6 24. Bd2 Kf8 25. Be3 Bd5 26. Ke2 a5 27. bxa5 bxa5 28. Kd2 Ke8 29. Kc2 f6 30. Bf4 Kd7 31. Ne1 fxe5 32. Bxe5 Bf8 33. f3 a4 34. Kb1 Bc4 35. g3 a3 36. Nc2 Bd3 37. Kc1 a2 38. Na1 Ba3+ 39. Kd2 Bb1 40. Kc3 Kc6 41. Kb3 Bd6 42. Bxd6 Kxd6 43. Kc3 Kd5 44. Nb3 h5 45. h4 Bf5 46. Na1 Bh3 47. Nc2 a1=Q+ 48. Nxa1 Bg2 1/2-1/2

[Event "Montreal Mercredi 11"]
[Site "Montreal CAN"]
[Date "2017.11.15"]
[Round "1"]
[White "Langlois-Remillard, Alexis"]
[Black "Chang, Alexander"]
[Result "1-0"]
[WhiteElo "2031"]
[BlackElo "1916"]
[WhiteFideId "-1"]
[WhiteFideId "-1"]
[PlyCount "84"]
[GameId "2160767908300707"]
[EventDate "2017.11.15"]
[EventType "swiss"]
[EventRounds "5"]
[EventCountry "CAN"]
[SourceTitle "EXT 2022"]
[Source "ChessBase"]
[SourceDate "2021.10.06"]
[SourceVersion "1"]
[SourceVersionDate "2021.10.06"]
[SourceQuality "1"]

1. b3 Nf6 2. Bb2 e6 3. e3 d5 4. Nf3 Bd6 5. Be2 O-O 6. O-O c5 7. c4 Nc6 8. cxd5 exd5 9. d4 cxd4 10. Nxd4 Nxd4 11. Bxd4 Ne4 12. Nc3 Nxc3 13. Bxc3 Re8 14. Rc1 Bf5 15. Bf3 Be4 16. g3 Rc8 17. Bxe4 dxe4 18. Qd4 Be5 19. Qxd8 Rcxd8 20. Bxe5 Rxe5 21. Rc7 Rb8 22. Rd1 Kf8 23. Rdd7 Rf5 24. Re7 Re8 25. Rxe8+ Kxe8 26. Rxb7 a5 27. b4 axb4 28. Rxb4 Re5 29. g4 Kd7 30. a4 Kc6 31. Kg2 g5 32. f4 gxf4 33. exf4 Re7 34. Kf2 Kc5 35. Rb3 Kc4 36. Ra3 Kb4 37. Ra1 Kc3 38. Ke3 Kb3 39. a5 Kc4 40. a6 Ra7 41. Kxe4 Kb5 42. Kd5 Rxa6 1-0

[Event "Montreal Mercredi 11"]
[Site "Montreal CAN"]
[Date "2017.11.15"]
[Round "1"]
[White "Lebeau, Gilbert"]
[Black "Barko, Maxim"]
[Result "1-0"]
[WhiteElo "1986"]
[BlackElo "1960"]
[WhiteFideId "-1"]
[WhiteFideId "-1"]
[PlyCount "67"]
[GameId "2160767908300708"]
[EventDate "2017.11.15"]
[EventType "swiss"]
[EventRounds "5"]
[EventCountry "CAN"]
[SourceTitle "EXT 2022"]
[Source "ChessBase"]
[SourceDate "2021.10.06"]
[SourceVersion "1"]
[SourceVersionDate "2021.10.06"]
[SourceQuality "1"]

1. d4 e6 2. Bf4 Nf6 3. e3 c5 4. c3 Nc6 5. Nd2 d5 6. Ngf3 cxd4 7. exd4 Bd6 8. Bg3 Qc7 9. Bd3 O-O 10. O-O a6 11. Qe2 Nd7 12. Ng5 Nf6 13. Rae1 h6 14. Ngf3 b5 15. a3 Na5 16. Ne5 Nc4 17. Ndf3 Bb7 18. Bb1 Rae8 19. Nxc4 bxc4 20. Ne5 Ne4 21. Bxe4 dxe4 22. Nxc4 Bxg3 23. hxg3 f5 24. Ne5 Rf6 25. Rc1 f4 26. gxf4 Rxf4 27. Qe3 Rf5 28. c4 Ref8 29. b4 Qd8 30. Rc2 Qh4 31. Ng6 Qf6 32. Nxf8 Kxf8 33. Qg3 Qf7 34. Qb8+ 1-0

[Event "Montreal Mercredi 11"]
[Site "Montreal CAN"]
[Date "2017.11.15"]
[Round "1"]
[White "Leveille, Francois"]
[Black "Soudre, Nicolas"]
[Result "1-0"]
[WhiteElo "2275"]
[BlackElo "2237"]
[WhiteFideId "-1"]
[WhiteFideId "-1"]
[PlyCount "111"]
[GameId "2160767908300709"]
[EventDate "2017.11.15"]
[EventType "swiss"]
[EventRounds "5"]
[EventCountry "CAN"]
[SourceTitle "EXT 2022"]
[Source "ChessBase"]
[SourceDate "2021.10.06"]
[SourceVersion "1"]
[SourceVersionDate "2021.10.06"]
[SourceQuality "1"]

1. Nf3 e6 2. g3 b5 3. Bg2 Bb7 4. O-O Nf6 5. d3 d5 6. Nbd2 Be7 7. e4 O-O 8. e5 Nfd7 9. Re1 c5 10. Nf1 Nc6 11. h4 Re8 12. N1h2 Bf8 13. Bh3 Bc8 14. Bf4 f6 15. exf6 Nxf6 16. Ne5 Nxe5 17. Bxe5 Bd6 18. Qe2 Qc7 19. Bxd6 Qxd6 20. Qe5 Qxe5 21. Rxe5 Rb8 22. Rae1 Rb6 23. g4 b4 24. f4 Ra6 25. Ra1 Kf8 26. g5 Nd7 27. Re2 Ke7 28. a4 bxa3 29. Rxa3 Kd6 30. Nf3 Rxa3 31. bxa3 g6 32. Kf2 Re7 33. Kg3 Bb7 34. Ne5 Nxe5 35. fxe5+ Kd7 36. Rf2 d4 37. Rf8 Bd5 38. h5 gxh5 39. Kh4 Ba2 40. Kxh5 Bb1 41. Ra8 Bxc2 42. Rxa7+ Ke8 43. Rxe7+ Kxe7 44. Bf1 c4 45. dxc4 d3 46. Kh6 Kd7 47. Kg7 Kc6 48. Bg2+ Kc5 49. Be4 Kxc4 50. Bxh7 Kc3 51. Bxd3 Bxd3 52. Kf7 Bf5 53. g6 Kd4 54. g7 Bh7 55. Kxe6 Bg8+ 56. Kd6 1-0

[Event "Montreal Mercredi 11"]
[Site "Montreal CAN"]
[Date "2017.11.15"]
[Round "1"]
[White "Nesterov, Timour"]
[Black "Beaulieu, Pierre"]
[Result "1-0"]
[WhiteElo "1903"]
[BlackElo "1831"]
[WhiteFideId "-1"]
[WhiteFideId "-1"]
[PlyCount "57"]
[GameId "2160767908300710"]
[EventDate "2017.11.15"]
[EventType "swiss"]
[EventRounds "5"]
[EventCountry "CAN"]
[SourceTitle "EXT 2022"]
[Source "ChessBase"]
[SourceDate "2021.10.06"]
[SourceVersion "1"]
[SourceVersionDate "2021.10.06"]
[SourceQuality "1"]

1. d4 Nf6 2. Bf4 g6 3. Nc3 Bg7 4. e4 c6 5. Qd2 h6 6. O-O-O b5 7. Bd3 Qa5 8. Kb1 b4 9. Nce2 Qb6 10. Nf3 Bb7 11. Ne5 g5 12. Be3 d5 13. Ng3 Nbd7 14. Nf5 Bf8 15. f3 Qc7 16. Rhe1 e6 17. Ng3 Nb6 18. f4 g4 19. f5 exf5 20. exd5 cxd5 21. Bf4 Bd6 22. Ng6+ Kd7 23. Bxf5+ Kc6 24. Bxd6 Qxd6 25. Nxh8 Rxh8 26. Bd3 Na4 27. Nf5 Qf8 28. Ne7+ Kc7 29. Qf4+ 1-0

[Event "Montreal Mercredi 11"]
[Site "Montreal CAN"]
[Date "2017.11.15"]
[Round "1"]
[White "Pomerantz, Daniel"]
[Black "Jacquet, Stephane"]
[Result "0-1"]
[WhiteElo "2053"]
[BlackElo "1912"]
[WhiteFideId "-1"]
[WhiteFideId "-1"]
[PlyCount "66"]
[GameId "2160767908300711"]
[EventDate "2017.11.15"]
[EventType "swiss"]
[EventRounds "5"]
[EventCountry "CAN"]
[SourceTitle "EXT 2022"]
[Source "ChessBase"]
[SourceDate "2021.10.06"]
[SourceVersion "1"]
[SourceVersionDate "2021.10.06"]
[SourceQuality "1"]

1. e4 d6 2. d4 Nf6 3. Nc3 g6 4. Nf3 Bg7 5. h3 O-O 6. Be3 b6 7. Bd3 Bb7 8. O-O c5 9. dxc5 bxc5 10. Nd2 Nc6 11. Qe2 Nd4 12. Bxd4 cxd4 13. Nb5 Nh5 14. Nb3 Nf4 15. Qg4 e5 16. h4 h5 17. Qd1 a6 18. Na3 f5 19. f3 Qxh4 20. Nc4 Qg3 21. Qd2 Bh6 22. Kh1 Qh4+ 23. Kg1 Nh3+ 24. gxh3 Bxd2 25. Nbxd2 Qg3+ 26. Kh1 Qxh3+ 27. Kg1 fxe4 28. fxe4 Qg3+ 29. Kh1 Qh3+ 30. Kg1 d5 31. Nd6 dxe4 32. Bc4+ Kg7 33. N2xe4 Bxe4 0-1

[Event "Montreal Mercredi 11"]
[Site "Montreal CAN"]
[Date "2017.11.15"]
[Round "1"]
[White "Zheng, Richard"]
[Black "Saha, Ananda"]
[Result "0-1"]
[WhiteElo "2080"]
[BlackElo "2191"]
[WhiteFideId "-1"]
[WhiteFideId "-1"]
[PlyCount "132"]
[GameId "2160767908300712"]
[EventDate "2017.11.15"]
[EventType "swiss"]
[EventRounds "5"]
[EventCountry "CAN"]
[SourceTitle "EXT 2022"]
[Source "ChessBase"]
[SourceDate "2021.10.06"]
[SourceVersion "1"]
[SourceVersionDate "2021.10.06"]
[SourceQuality "1"]

1. d4 Nf6 2. c4 e6 3. Nc3 d5 4. cxd5 exd5 5. Bg5 Be7 6. Qc2 O-O 7. e3 c6 8. Bd3 Nbd7 9. Nge2 Re8 10. O-O Nf8 11. Rad1 g6 12. f3 Ne6 13. Bh4 Ng7 14. Bf2 Bd6 15. e4 dxe4 16. fxe4 Ng4 17. e5 Be7 18. h3 Nxf2 19. Rxf2 Be6 20. Nf4 Bh4 21. Nxe6 Bxf2+ 22. Qxf2 Nxe6 23. Bc4 Kg7 24. d5 cxd5 25. Nxd5 Qg5 26. Nc7 Red8 27. Rf1 Nxc7 28. Qxf7+ Kh6 29. Qxc7 Rac8 30. Qf7 Rd2 31. Bd5 Qxe5 32. Bxb7 Rcd8 33. Bf3 a5 34. Qc4 Qd4+ 35. Qxd4 R8xd4 36. Rf2 Rxf2 37. Kxf2 Rd2+ 38. Ke3 Rxb2 39. a4 Rb4 40. Bc6 Kg5 41. Kf3 Kf5 42. Be8 Rb3+ 43. Kf2 Kf4 44. Bf7 Rb2+ 45. Kf1 Kg3 46. Bd5 Rb4 47. Bc6 Rc4 48. Bd5 Rxa4 49. Ke2 Rf4 50. Kd3 h5 51. Kc3 h4 52. Kb3 Rf2 53. Be4 g5 54. Bd5 Rxg2 55. Be6 Rh2 56. Ka4 Rxh3 57. Kxa5 Rh2 58. Kb4 Rf2 59. Kc4 h3 60. Kd3 h2 61. Bd5 Rg2 62. Bxg2 Kxg2 63. Ke4 h1=Q 64. Kf5 Qf1+ 65. Ke6 g4 66. Kd5 g3 0-1

[Event "Montreal Mercredi 11"]
[Site "Montreal CAN"]
[Date "2017.11.21"]
[Round "1"]
[White "Lopez Linares, Lizandro"]
[Black "Have, Didier"]
[Result "1-0"]
[WhiteElo "2184"]
[BlackElo "2096"]
[WhiteFideId "-1"]
[WhiteFideId "-1"]
[PlyCount "91"]
[GameId "2160767908300713"]
[EventDate "2017.11.15"]
[EventType "swiss"]
[EventRounds "5"]
[EventCountry "CAN"]
[SourceTitle "EXT 2022"]
[Source "ChessBase"]
[SourceDate "2021.10.06"]
[SourceVersion "1"]
[SourceVersionDate "2021.10.06"]
[SourceQuality "1"]

1. d4 d6 2. Nf3 Nf6 3. Bf4 g6 4. e3 Nh5 5. Bg3 Bg7 6. Nbd2 Nd7 7. Bc4 O-O 8. c3 c6 9. a4 Nxg3 10. hxg3 e5 11. dxe5 d5 12. Bd3 Nxe5 13. Nxe5 Bxe5 14. f4 Bg7 15. Qc2 Qb6 16. Kf2 c5 17. a5 Qd6 18. Qd1 Re8 19. Re1 Bd7 20. Nf3 d4 21. cxd4 cxd4 22. e4 Bc6 23. Qb3 h6 24. Rad1 Qc5 25. Bc4 Rxe4 26. Bxf7+ Kh8 27. Bxg6 d3+ 28. Kf1 Re2 29. Rxe2 dxe2+ 30. Kxe2 Bb5+ 31. Bd3 Re8+ 32. Kf1 Bxd3+ 33. Qxd3 Qxa5 34. b3 Qc5 35. Nh4 Qe3 36. Qxe3 Rxe3 37. Rd8+ Kh7 38. Nf5 Rxb3 39. Rd7 Kg6 40. Nxg7 a5 41. g4 a4 42. Nh5 Rb1+ 43. Kf2 Rb2+ 44. Kg3 Rb3+ 45. Kh4 a3 46. Rg7# 1-0

[Event "Montreal Mercredi 11"]
[Site "Montreal CAN"]
[Date "2017.11.22"]
[Round "2"]
[White "Baran, Marius"]
[Black "Nesterov, Timour"]
[Result "0-1"]
[WhiteElo "1903"]
[BlackElo "1903"]
[WhiteFideId "-1"]
[WhiteFideId "-1"]
[PlyCount "136"]
[GameId "2160767908300714"]
[EventDate "2017.11.15"]
[EventType "swiss"]
[EventRounds "5"]
[EventCountry "CAN"]
[SourceTitle "EXT 2022"]
[Source "ChessBase"]
[SourceDate "2021.10.06"]
[SourceVersion "1"]
[SourceVersionDate "2021.10.06"]
[SourceQuality "1"]

1. e4 e6 2. d4 d5 3. Nd2 c5 4. exd5 Qxd5 5. Ngf3 Nf6 6. Bc4 Qh5 7. Nb3 Nbd7 8. O-O Be7 9. Be3 O-O 10. Nfd2 Qxd1 11. Raxd1 Ng4 12. Bf4 cxd4 13. h3 Nge5 14. Be2 Ng6 15. Bc7 e5 16. Ne4 Nf6 17. Nxf6+ Bxf6 18. Bd3 Bd7 19. Nc5 Bc6 20. Ne4 Nf4 21. Rfe1 Rac8 22. Ba5 Be7 23. Bf1 b6 24. Bd2 Ng6 25. c3 Bd5 26. Ba6 Rc7 27. cxd4 exd4 28. Rc1 Rxc1 29. Bxc1 Bxa2 30. Bd2 Rd8 31. Rc1 Bd5 32. Ng3 Bd6 33. Nf5 Be5 34. f4 Bxf4 35. Bxf4 Nxf4 36. Ne7+ Kf8 37. Nxd5 Rxd5 38. Rc8+ Ke7 39. Kf2 d3 40. Ke1 d2+ 41. Kd1 Nxg2 42. Rc7+ Kd6 43. Rc3 Nf4 44. Bc4 Rd4 45. Bxf7 Nd3 46. Kxd2 Nxb2+ 47. Kc2 Na4 48. Ra3 b5 49. Be8 Kc5 50. Rg3 g6 51. Rg5+ Rd5 52. Rxd5+ Kxd5 53. Bxb5 Nc5 54. Be8 Kc4 55. Bf7+ Kb4 56. h4 a5 57. h5 gxh5 58. Bxh5 a4 59. Kb2 a3+ 60. Ka2 Ne4 61. Bf7 Nc3+ 62. Ka1 Ne4 63. Ka2 Nf6 64. Kb1 h5 65. Kc2 h4 66. Be6 Ne4 67. Kd1 Kc3 68. Ke2 Nd2 0-1

[Event "Montreal Mercredi 11"]
[Site "Montreal CAN"]
[Date "2017.11.22"]
[Round "2"]
[White "Beaulieu, Pierre"]
[Black "Guipi Bopala, Prince Eric jr"]
[Result "0-1"]
[WhiteElo "1831"]
[BlackElo "1863"]
[WhiteFideId "-1"]
[WhiteFideId "-1"]
[PlyCount "60"]
[GameId "2160767908300715"]
[EventDate "2017.11.15"]
[EventType "swiss"]
[EventRounds "5"]
[EventCountry "CAN"]
[SourceTitle "EXT 2022"]
[Source "ChessBase"]
[SourceDate "2021.10.06"]
[SourceVersion "1"]
[SourceVersionDate "2021.10.06"]
[SourceQuality "1"]

1. b3 e5 2. Bb2 Nc6 3. e3 Nf6 4. c4 Be7 5. Be2 O-O 6. Nc3 d6 7. Nf3 h6 8. Qc2 Re8 9. a3 Bf8 10. Nd5 Nxd5 11. cxd5 Ne7 12. e4 c6 13. dxc6 Nxc6 14. O-O Be6 15. d4 Rc8 16. Qd3 exd4 17. Nxd4 Nxd4 18. Bxd4 d5 19. e5 b6 20. f4 g6 21. g4 Bc5 22. Kh1 Bxd4 23. Qxd4 Qh4 24. Rg1 Rc2 25. Rg2 Rec8 26. f5 Bxf5 27. Qxd5 Be6 28. Qb5 R2c5 29. Qd3 Bd5 30. Bf3 Rc1+ 0-1

[Event "Montreal Mercredi 11"]
[Site "Montreal CAN"]
[Date "2017.11.22"]
[Round "2"]
[White "Chang, Alexander"]
[Black "Lebeau, Gilbert"]
[Result "1-0"]
[WhiteElo "1916"]
[BlackElo "1986"]
[WhiteFideId "-1"]
[WhiteFideId "-1"]
[PlyCount "53"]
[GameId "2160767908300716"]
[EventDate "2017.11.15"]
[EventType "swiss"]
[EventRounds "5"]
[EventCountry "CAN"]
[SourceTitle "EXT 2022"]
[Source "ChessBase"]
[SourceDate "2021.10.06"]
[SourceVersion "1"]
[SourceVersionDate "2021.10.06"]
[SourceQuality "1"]

1. e4 e6 2. d4 d5 3. exd5 exd5 4. Bd3 Nc6 5. c3 Bd6 6. Nf3 Bg4 7. O-O Nge7 8. Re1 Qd7 9. Nbd2 O-O-O 10. Qc2 f6 11. b4 Rde8 12. b5 Na5 13. a4 Bf5 14. Rxe7 Bxd3 15. Rxe8+ Rxe8 16. Qxd3 g5 17. Bb2 Qg4 18. Ba3 Bf4 19. Bb4 Nc4 20. Nxc4 dxc4 21. Qxc4 Qh5 22. d5 Kb8 23. a5 f5 24. b6 Re4 25. Qc5 g4 26. bxc7+ Kc8 27. d6 1-0

[Event "Montreal Mercredi 11"]
[Site "Montreal CAN"]
[Date "2017.11.22"]
[Round "2"]
[White "Jacquet, Stephane"]
[Black "Barko, Maxim"]
[Result "0-1"]
[WhiteElo "1912"]
[BlackElo "1960"]
[WhiteFideId "-1"]
[WhiteFideId "-1"]
[PlyCount "118"]
[GameId "2160767908300717"]
[EventDate "2017.11.15"]
[EventType "swiss"]
[EventRounds "5"]
[EventCountry "CAN"]
[SourceTitle "EXT 2022"]
[Source "ChessBase"]
[SourceDate "2021.10.06"]
[SourceVersion "1"]
[SourceVersionDate "2021.10.06"]
[SourceQuality "1"]

1. d4 e6 2. c4 b6 3. Nf3 Bb7 4. e3 f5 5. Bd3 Nf6 6. Nc3 Bb4 7. Bd2 O-O 8. Qc2 c5 9. a3 Bxc3 10. Bxc3 Ne4 11. O-O-O d5 12. Ne5 Nd7 13. Bxe4 fxe4 14. dxc5 Nxe5 15. Bxe5 Rc8 16. cxb6 Qxb6 17. Bd4 Qa5 18. Bc3 Qa6 19. Rd4 e5 20. Rxd5 Bxd5 21. cxd5 Qd3 22. Qxd3 exd3 23. f3 e4 24. Kd2 exf3 25. gxf3 Rxf3 26. Kxd3 Rh3 27. Rg1 g6 28. Rg2 Kf7 29. Kd4 Rh4+ 30. e4 Re8 31. Re2 g5 32. Kd3 Rh3+ 33. Kc2 h5 34. e5 Rd8 35. e6+ Ke8 36. Re5 Rxh2+ 37. Kb1 Rh1+ 38. Ka2 Rd1 39. Rxg5 R1xd5 40. Rg6 Rc8 41. Bb4 Kd8 42. Rf6 a5 43. Rf8+ Kc7 44. Rf7+ Kb6 45. Bc3 Re8 46. e7 Kc6 47. Bf6 Rd3 48. Rh7 Rh3 49. b4 a4 50. Rf7 Rh2+ 51. Kb1 Kd7 52. Rf8 h4 53. b5 Rg2 54. Bxh4 Rg4 55. Bf6 Rg6 56. Kc2 Rg3 57. Kb2 Rb3+ 58. Ka2 Rxb5 59. Bh4 Rh5 0-1

[Event "Montreal Mercredi 11"]
[Site "Montreal CAN"]
[Date "2017.11.22"]
[Round "2"]
[White "Jia, Zhe"]
[Black "Gates, Claude-Eric"]
[Result "1-0"]
[WhiteElo "1805"]
[BlackElo "1787"]
[WhiteFideId "-1"]
[WhiteFideId "-1"]
[PlyCount "117"]
[GameId "2160767908300718"]
[EventDate "2017.11.15"]
[EventType "swiss"]
[EventRounds "5"]
[EventCountry "CAN"]
[SourceTitle "EXT 2022"]
[Source "ChessBase"]
[SourceDate "2021.10.06"]
[SourceVersion "1"]
[SourceVersionDate "2021.10.06"]
[SourceQuality "1"]

1. Nf3 Nf6 2. c4 e6 3. d4 Bb4+ 4. Nbd2 O-O 5. a3 Be7 6. e4 d6 7. Be2 b6 8. O-O Nbd7 9. b4 e5 10. d5 a5 11. Bb2 h6 12. Qc2 Nh7 13. bxa5 Rxa5 14. Nb3 Ra8 15. a4 Nc5 16. Nxc5 bxc5 17. Nd2 f5 18. f3 Bg5 19. Nb3 Bf4 20. Bc1 Bxh2+ 21. Kxh2 Qh4+ 22. Kg1 f4 23. Bd3 Rf6 24. Qf2 Qh5 25. Rd1 Rg6 26. Qc2 Qxf3 27. Rf1 Qh5 28. Rf2 Nf6 29. Be2 Bg4 30. Bf1 Qh4 31. Nd2 Nh5 32. Nf3 Bxf3 33. Rxf3 Ng3 34. Qd3 Qh1+ 35. Kf2 Qh4 36. Kg1 Rg5 37. Bd2 Rh5 38. a5 Qf6 39. Rxg3 fxg3 40. Qxg3 Rh4 41. Bd3 Qe7 42. Rf1 Rh5 43. Bc2 Ra6 44. Ba4 Rh4 45. Bc2 Kh7 46. Ba4 Kh8 47. Bc2 Ra8 48. Qg6 Kg8 49. Bd3 Ra6 50. Be1 Rf4 51. Rxf4 exf4 52. Bc3 Kf8 53. e5 Qg5 54. e6 Qxg6 55. Bxg6 c6 56. dxc6 Rxc6 57. Be4 Rc7 58. a6 g5 59. Bb7 1-0

[Event "Montreal Mercredi 11"]
[Site "Montreal CAN"]
[Date "2017.11.22"]
[Round "2"]
[White "Millette, Sylvain"]
[Black "Jean, Robert"]
[Result "1-0"]
[WhiteElo "1738"]
[BlackElo "1784"]
[WhiteFideId "-1"]
[WhiteFideId "-1"]
[PlyCount "61"]
[GameId "2160767908300719"]
[EventDate "2017.11.15"]
[EventType "swiss"]
[EventRounds "5"]
[EventCountry "CAN"]
[SourceTitle "EXT 2022"]
[Source "ChessBase"]
[SourceDate "2021.10.06"]
[SourceVersion "1"]
[SourceVersionDate "2021.10.06"]
[SourceQuality "1"]

1. e4 c5 2. d4 cxd4 3. c3 Nf6 4. e5 Nd5 5. Qxd4 e6 6. Nf3 Nc6 7. Qe4 f5 8. exf6 Nxf6 9. Qc2 d5 10. Bd3 Qc7 11. Ng5 Bd6 12. Bxh7 Nxh7 13. Qg6+ Kf8 14. Nxh7+ Rxh7 15. Qxh7 Ne7 16. O-O Rb8 17. Nd2 e5 18. Nf3 Bf5 19. Qh8+ Kf7 20. Qh5+ Bg6 21. Ng5+ Kg8 22. Qe2 e4 23. f4 Qc6 24. Ne6 Kf7 25. Nd4 Bc5 26. Be3 Qd7 27. f5 Bh7 28. Qh5+ Kg8 29. f6 gxf6 30. Rxf6 Kh8 31. Rf7 1-0

[Event "Montreal Mercredi 11"]
[Site "Montreal CAN"]
[Date "2017.11.22"]
[Round "2"]
[White "Nardone, Raul"]
[Black "Brassard, Sylvain"]
[Result "0-1"]
[WhiteElo "1768"]
[BlackElo "1785"]
[WhiteFideId "-1"]
[WhiteFideId "-1"]
[PlyCount "86"]
[GameId "2160767908300720"]
[EventDate "2017.11.15"]
[EventType "swiss"]
[EventRounds "5"]
[EventCountry "CAN"]
[SourceTitle "EXT 2022"]
[Source "ChessBase"]
[SourceDate "2021.10.06"]
[SourceVersion "1"]
[SourceVersionDate "2021.10.06"]
[SourceQuality "1"]

1. e4 Nf6 2. e5 Nd5 3. c4 Nb6 4. d4 d6 5. exd6 cxd6 6. Be3 g6 7. Bd3 Bg7 8. Ne2 Nc6 9. a3 O-O 10. Nbc3 Bg4 11. f3 Bf5 12. Bxf5 Nxc4 13. Bf2 gxf5 14. b3 Nb6 15. O-O e6 16. Qd3 d5 17. Rad1 Qe7 18. a4 Rac8 19. Kh1 Kh8 20. Rfe1 Rg8 21. f4 Bf6 22. Ng3 Qc7 23. Nh5 Be7 24. Qh3 Qd8 25. Rd3 Rg4 26. Qf3 Nb4 27. Rd2 Nd7 28. h3 Rg6 29. g4 fxg4 30. hxg4 Nf6 31. Nxf6 Bxf6 32. Bg3 Bh4 33. Rh2 Bxg3 34. Qxg3 Qg8 35. g5 f6 36. Qh3 fxg5 37. fxg5 Rxg5 38. Nb5 Rf8 39. Nxa7 Rg3 40. Qh5 Nd3 41. Qe2 Nxe1 42. Qxe1 Qg7 43. Nb5 Rff3 0-1